000 00698nam a2200229 4500
003 LK-CoMWRAF
005 20231115114313.0
008 230831b2001 |||||||| |||| 00| 0 eng d
020 _a955800801X
040 _aLK-CoMWRAF
_dLK-CoMWRAF
_eLK-CoMWRAF
041 _aeng
082 _a894.81
_bKAR
100 _aKaroor
245 _aThe wooden dolls & the census = ලී බෝනික්කෝ සහ සංගණනය
260 _aBoralesgamuwa :
_bAsian Film Centre,
_c2001
300 _a65p
650 _a Malayalam fiction - Motion pictures Short stories - Malayalam
700 _aDharrmasiri, Ajantha
700 _aKuruvilla, M.I.
700 _aRajadurai, Kavaloor
942 _cBK
999 _c3323
_d3323